000 00583nam a2200205Ia 4500
005 20260429112130.0
008 260429s9999||||xx |||||||||||||| ||und||
020 _a9798868819414
041 _aEnglish
082 _a006.3
_bHUA
100 _aHua, Philip
245 0 _aNeural networks with TensorFlow and Keras :
_btraining, generative models, and reinforcement learning /
_cPhilip Hua
250 _a1st ed.
260 _aNew York :
_bApress,
_c2025.
300 _axiii, 178 p.; pbk
650 _a Keras
650 _a TensorFlow
650 _aNeural networks
942 _cTB
999 _c52511
_d52511